[Event "45th FIDE Chess Olympiad - Women's Section"]
[Site "Budapest, Hungary"]
[Date "2024.09.11"]
[Round "1"]
[White "Clarke, Adani"]
[Black "Vaishali, Rameshbabu"]
[Result "0-1"]
[Board "1"]
[WhiteFideId "7402082"]
[BlackFideId "5091756"]
[WhiteTitle "WFM"]
[BlackTitle "GM"]
[WhiteElo "1919"]
[BlackElo "2498"]
[WhiteTeam "Jamaica"]
[BlackTeam "India"]
[WhiteClock "0:00:33"]
[BlackClock "0:07:24"]
[Variant "Standard"]

1. d4 {[%clk 1:30:59]}  Nf6 {[%clk 1:30:46]} 2. c4 {[%clk 1:31:18]}  e6 {[%clk 1:31:10]} 3. e3 {[%clk 1:31:02]}  d5 {[%clk 1:30:32]} 4. Nf3 {[%clk 1:30:10]}  a6 {[%clk 1:28:12]} 5. Qc2 {[%clk 1:27:54]}  b6 {[%clk 1:20:26]} 6. Nc3 {[%clk 1:23:23]}  Bb7 {[%clk 1:20:25]} 7. cxd5 {[%clk 1:19:54]}  exd5 {[%clk 1:20:48]} 8. Bd3 {[%clk 1:18:00]}  Bd6 {[%clk 1:18:08]} 9. O-O {[%clk 1:15:40]}  O-O {[%clk 1:13:26]} 10. e4 {[%clk 1:03:22]}  dxe4 {[%clk 1:13:44]} 11. Nxe4 {[%clk 1:03:40]}  Bxe4 {[%clk 1:13:15]} 12. Bxe4 {[%clk 1:03:50]}  Nxe4 {[%clk 1:13:29]} 13. Qxe4 {[%clk 1:04:12]}  Nd7 {[%clk 1:13:52]} 14. Bg5 {[%clk 0:53:25]}  Qe8 {[%clk 0:59:22]} 15. Qc6 {[%clk 0:46:50]}  Qe6 {[%clk 0:56:39]} 16. Kh1 {[%clk 0:36:36]}  Rae8 {[%clk 0:46:08]} 17. Rfe1 {[%clk 0:30:16]}  Nb8 {[%clk 0:43:36]} 18. Qc3 {[%clk 0:25:50]}  Qd5 {[%clk 0:43:00]} 19. a3 {[%clk 0:20:06]}  h6 {[%clk 0:35:19]} 20. Bd2 {[%clk 0:13:53]}  Nc6 {[%clk 0:34:13]} 21. Rac1 {[%clk 0:12:00]}  Na5 {[%clk 0:24:55]} 22. Ne5 {[%clk 0:10:32]}  Nb3 {[%clk 0:21:43]} 23. Rcd1 {[%clk 0:09:44]}  Nxd4 {[%clk 0:17:36]} 24. Nc4 {[%clk 0:03:27]}  Ne2 {[%clk 0:13:50]} 25. Qc2 {[%clk 0:02:55]}  Bxh2 {[%clk 0:10:01]} 26. Bf4 {[%clk 0:01:14]}  Nd4 {[%clk 0:06:22]} 27. Rxe8 {[%clk 0:01:01]}  Rxe8 {[%clk 0:06:41]} 28. Qc1 {[%clk 0:00:32]}  Bxf4 {[%clk 0:06:58]} 29. Qxf4 {[%clk 0:00:33]}  Qh5+ {[%clk 0:07:24]} 0-1

[Event "45th FIDE Chess Olympiad - Women's Section"]
[Site "Budapest, Hungary"]
[Date "2024.09.11"]
[Round "1"]
[White "Divya Deshmukh"]
[Black "Miller, Rachel"]
[Result "1-0"]
[Board "2"]
[WhiteFideId "35006916"]
[BlackFideId "7401302"]
[WhiteTitle "IM"]
[BlackTitle "WIM"]
[WhiteElo "2483"]
[BlackElo "1912"]
[WhiteTeam "India"]
[BlackTeam "Jamaica"]
[WhiteClock "0:27:32"]
[BlackClock "0:12:37"]
[Variant "Standard"]

1. c4 {[%clk 1:30:55]}  e6 {[%clk 1:30:47]} 2. Nc3 {[%clk 1:31:14]}  d5 {[%clk 1:30:59]} 3. d4 {[%clk 1:31:40]}  a6 {[%clk 1:31:10]} 4. cxd5 {[%clk 1:32:02]}  exd5 {[%clk 1:31:27]} 5. Qb3 {[%clk 1:32:28]}  c5 {[%clk 1:31:15]} 6. Qxd5 {[%clk 1:32:44]}  cxd4 {[%clk 1:31:14]} 7. Qxd8+ {[%clk 1:33:09]}  Kxd8 {[%clk 1:31:37]} 8. Nd5 {[%clk 1:33:37]}  Be6 {[%clk 1:31:57]} 9. Nf4 {[%clk 1:33:58]}  Bb4+ {[%clk 1:32:22]} 10. Bd2 {[%clk 1:34:03]}  Bxd2+ {[%clk 1:32:24]} 11. Kxd2 {[%clk 1:34:30]}  Nf6 {[%clk 1:30:31]} 12. g3 {[%clk 1:34:45]}  Nc6 {[%clk 1:28:15]} 13. Bg2 {[%clk 1:34:39]}  Re8 {[%clk 1:28:01]} 14. Ngh3 {[%clk 1:34:53]}  Bxh3 {[%clk 1:28:20]} 15. Nxh3 {[%clk 1:35:18]}  Ne4+ {[%clk 1:28:43]} 16. Bxe4 {[%clk 1:35:08]}  Rxe4 {[%clk 1:28:52]} 17. Rhc1 {[%clk 1:35:17]}  h6 {[%clk 1:17:05]} 18. Rc5 {[%clk 1:33:06]}  Kc7 {[%clk 1:15:25]} 19. Nf4 {[%clk 1:18:09]}  Rae8 {[%clk 1:12:46]} 20. h4 {[%clk 1:17:53]}  f6 {[%clk 0:49:40]} 21. h5 {[%clk 1:13:40]}  R4e5 {[%clk 0:49:23]} 22. Rac1 {[%clk 1:10:08]}  Kd6 {[%clk 0:49:07]} 23. R5c4 {[%clk 1:08:42]}  Rb5 {[%clk 0:46:09]} 24. R1c2 {[%clk 1:07:42]}  Ree5 {[%clk 0:39:34]} 25. a3 {[%clk 1:05:16]}  Rg5 {[%clk 0:30:57]} 26. Kc1 {[%clk 1:00:28]}  Ke7 {[%clk 0:22:04]} 27. Kb1 {[%clk 0:56:48]}  Kd6 {[%clk 0:19:25]} 28. Ka2 {[%clk 0:57:04]}  Ke7 {[%clk 0:16:24]} 29. Kb1 {[%clk 0:23:30]}  Kd6 {[%clk 0:16:37]} 30. Rd2 {[%clk 0:23:04]}  Ke7 {[%clk 0:16:44]} 31. Rc1 {[%clk 0:23:09]}  Rb3 {[%clk 0:05:52]} 32. Ka2 {[%clk 0:19:07]}  Rbb5 {[%clk 0:06:18]} 33. Rcd1 {[%clk 0:19:08]}  Kf7 {[%clk 0:05:27]} 34. Rc2 {[%clk 0:17:30]}  Ra5 {[%clk 0:05:40]} 35. Kb1 {[%clk 0:17:02]}  Rab5 {[%clk 0:05:49]} 36. Rd3 {[%clk 0:15:26]}  Rbe5 {[%clk 0:05:42]} 37. Rcd2 {[%clk 0:13:16]}  Re7 {[%clk 0:04:41]} 38. Ka2 {[%clk 0:09:13]}  Ra5 {[%clk 0:04:26]} 39. Rb3 {[%clk 0:09:33]}  Rg5 {[%clk 0:04:47]} 40. Rb6 {[%clk 0:09:26]}  Rb5 {[%clk 0:03:13]} 41. Rxb5 {[%clk 0:09:51]}  axb5 {[%clk 0:03:40]} 42. Rc2 {[%clk 0:07:11]}  Re5 {[%clk 0:01:11]} 43. b4 {[%clk 0:07:02]}  Ke8 {[%clk 0:29:57]} 44. Rd2 {[%clk 0:33:21]}  Kf7 {[%clk 0:23:48]} 45. Kb3 {[%clk 0:33:06]}  Ke8 {[%clk 0:16:36]} 46. a4 {[%clk 0:30:47]}  bxa4+ {[%clk 0:16:51]} 47. Kxa4 {[%clk 0:31:11]}  b5+ {[%clk 0:16:35]} 48. Kb3 {[%clk 0:31:28]}  Kd7 {[%clk 0:14:04]} 49. e3 {[%clk 0:27:01]}  Re4 {[%clk 0:14:27]} 50. Ne2 {[%clk 0:27:21]}  Kc7 {[%clk 0:10:29]} 51. Nxd4 {[%clk 0:27:12]}  Nxd4+ {[%clk 0:10:49]} 52. Rxd4 {[%clk 0:27:13]}  Re5 {[%clk 0:11:15]} 53. g4 {[%clk 0:27:14]}  f5 {[%clk 0:11:31]} 54. Kc3 {[%clk 0:24:34]}  Kc6 {[%clk 0:10:48]} 55. Kd3 {[%clk 0:24:22]}  fxg4 {[%clk 0:10:12]} 56. Rxg4 {[%clk 0:24:46]}  Rd5+ {[%clk 0:10:12]} 57. Ke4 {[%clk 0:25:02]}  Rxh5 {[%clk 0:09:53]} 58. Rg6+ {[%clk 0:25:29]}  Kd7 {[%clk 0:10:04]} 59. Rxg7+ {[%clk 0:25:55]}  Ke6 {[%clk 0:10:21]} 60. f4 {[%clk 0:26:17]}  Rh1 {[%clk 0:09:43]} 61. Rb7 {[%clk 0:24:36]}  h5 {[%clk 0:10:06]} 62. Rxb5 {[%clk 0:24:43]}  h4 {[%clk 0:10:32]} 63. Re5+ {[%clk 0:24:08]}  Kf6 {[%clk 0:10:56]} 64. b5 {[%clk 0:24:30]}  h3 {[%clk 0:11:18]} 65. Rh5 {[%clk 0:24:07]}  Rb1 {[%clk 0:10:27]} 66. b6 {[%clk 0:23:57]}  Kg6 {[%clk 0:10:51]} 67. Rxh3 {[%clk 0:24:24]}  Rxb6 {[%clk 0:11:16]} 68. f5+ {[%clk 0:24:42]}  Kf7 {[%clk 0:11:32]} 69. Rh7+ {[%clk 0:25:09]}  Kf8 {[%clk 0:11:59]} 70. Rc7 {[%clk 0:25:26]}  Ra6 {[%clk 0:12:22]} 71. Kf4 {[%clk 0:25:51]}  Ra5 {[%clk 0:12:36]} 72. e4 {[%clk 0:26:17]}  Ra1 {[%clk 0:12:58]} 73. Kg5 {[%clk 0:26:22]}  Re1 {[%clk 0:12:46]} 74. Kf6 {[%clk 0:26:46]}  Kg8 {[%clk 0:12:47]} 75. e5 {[%clk 0:27:12]}  Rh1 {[%clk 0:12:37]} 76. e6 {[%clk 0:27:32]} 1-0

[Event "45th FIDE Chess Olympiad - Women's Section"]
[Site "Budapest, Hungary"]
[Date "2024.09.11"]
[Round "1"]
[White "Javakhishvili, Lela"]
[Black "Rouda Essa, Alserkal"]
[Result "1-0"]
[Board "9"]
[WhiteFideId "13601458"]
[BlackFideId "9314318"]
[WhiteTitle "IM"]
[BlackTitle "WCM"]
[WhiteElo "2446"]
[BlackElo "2036"]
[WhiteTeam "Georgia"]
[BlackTeam "United Arab Emirates"]
[WhiteClock "0:51:17"]
[BlackClock "0:19:24"]
[Variant "Standard"]

1. d4 {[%clk 1:30:56]}  Nf6 {[%clk 1:30:27]} 2. Nf3 {[%clk 1:31:14]}  e6 {[%clk 1:30:17]} 3. Bf4 {[%clk 1:31:28]}  d5 {[%clk 1:28:39]} 4. e3 {[%clk 1:31:50]}  c5 {[%clk 1:26:14]} 5. Nbd2 {[%clk 1:31:53]}  Nc6 {[%clk 1:24:48]} 6. c3 {[%clk 1:31:56]}  Qb6 {[%clk 1:24:17]} 7. Rb1 {[%clk 1:29:41]}  Be7 {[%clk 1:16:16]} 8. Bd3 {[%clk 1:29:37]}  O-O {[%clk 1:14:45]} 9. h4 {[%clk 1:23:35]}  Re8 {[%clk 0:58:24]} 10. Ne5 {[%clk 1:16:27]}  cxd4 {[%clk 0:53:31]} 11. exd4 {[%clk 1:15:08]}  Nxe5 {[%clk 0:44:36]} 12. dxe5 {[%clk 1:14:04]}  Nd7 {[%clk 0:43:38]} 13. Qh5 {[%clk 1:09:07]}  Nf8 {[%clk 0:35:26]} 14. Nf3 {[%clk 1:06:55]}  Bd7 {[%clk 0:22:18]} 15. Bxh7+ {[%clk 0:50:43]}  Nxh7 {[%clk 0:22:42]} 16. Ng5 {[%clk 0:51:10]}  Nf8 {[%clk 0:23:03]} 17. Qxf7+ {[%clk 0:51:33]}  Kh8 {[%clk 0:23:29]} 18. h5 {[%clk 0:50:56]}  Bb5 {[%clk 0:18:57]} 19. h6 {[%clk 0:50:53]}  g6 {[%clk 0:19:24]} 20. Qg7# {[%clk 0:51:17]} 1-0

[Event "45th FIDE Chess Olympiad - Women's Section"]
[Site "Budapest, Hungary"]
[Date "2024.09.11"]
[Round "1"]
[White "Al Maamari, Wafia Darwish"]
[Black "Batsiashvili, Nino"]
[Result "0-1"]
[Board "10"]
[WhiteFideId "9305734"]
[BlackFideId "13602993"]
[WhiteTitle "WFM"]
[BlackTitle "GM"]
[WhiteElo "1908"]
[BlackElo "2461"]
[WhiteTeam "United Arab Emirates"]
[BlackTeam "Georgia"]
[WhiteClock "0:03:25"]
[BlackClock "0:20:23"]
[Variant "Standard"]

1. Nf3 {[%clk 1:29:53]}  d5 {[%clk 1:30:41]} 2. b3 {[%clk 1:30:14]}  c5 {[%clk 1:30:53]} 3. e3 {[%clk 1:30:00]}  Nf6 {[%clk 1:31:02]} 4. Bb2 {[%clk 1:30:16]}  e6 {[%clk 1:31:27]} 5. c4 {[%clk 1:30:06]}  Nc6 {[%clk 1:31:17]} 6. cxd5 {[%clk 1:29:15]}  exd5 {[%clk 1:31:40]} 7. d4 {[%clk 1:28:50]}  Bg4 {[%clk 1:29:54]} 8. Be2 {[%clk 1:21:58]}  Bxf3 {[%clk 1:26:57]} 9. Bxf3 {[%clk 1:20:29]}  cxd4 {[%clk 1:27:20]} 10. Bxd4 {[%clk 1:09:39]}  Nxd4 {[%clk 1:26:13]} 11. Qxd4 {[%clk 1:07:36]}  Qa5+ {[%clk 1:26:05]} 12. Ke2 {[%clk 0:57:26]}  Rc8 {[%clk 1:17:00]} 13. Rd1 {[%clk 0:51:19]}  Be7 {[%clk 1:13:25]} 14. a3 {[%clk 0:40:12]}  O-O {[%clk 1:07:17]} 15. b4 {[%clk 0:37:33]}  Qa4 {[%clk 1:00:34]} 16. Nd2 {[%clk 0:28:25]}  Rfe8 {[%clk 0:44:59]} 17. Qd3 {[%clk 0:18:02]}  Rc2 {[%clk 0:19:32]} 18. Rdc1 {[%clk 0:12:03]}  Rec8 {[%clk 0:19:21]} 19. Rxc2 {[%clk 0:12:11]}  Rxc2 {[%clk 0:15:42]} 20. Bxd5 {[%clk 0:09:16]}  Nxd5 {[%clk 0:13:37]} 21. Qxd5 {[%clk 0:09:41]}  Qa6+ {[%clk 0:13:38]} 22. Qd3 {[%clk 0:09:08]}  Qc6 {[%clk 0:13:50]} 23. Kf1 {[%clk 0:04:26]}  g6 {[%clk 0:14:03]} 24. Ne4 {[%clk 0:03:58]}  Rc4 {[%clk 0:11:39]} 25. Ng3 {[%clk 0:03:30]}  Bf6 {[%clk 0:11:08]} 26. Rd1 {[%clk 0:03:45]}  Rc3 {[%clk 0:11:21]} 27. Qd5 {[%clk 0:02:38]}  Qxd5 {[%clk 0:04:49]} 28. Rxd5 {[%clk 0:03:03]}  Rxa3 {[%clk 0:05:16]} 29. Ne4 {[%clk 0:03:12]}  Be7 {[%clk 0:04:41]} 30. b5 {[%clk 0:02:02]}  b6 {[%clk 0:04:52]} 31. Rd7 {[%clk 0:01:58]}  Kf8 {[%clk 0:05:18]} 32. Ke2 {[%clk 0:01:29]}  h6 {[%clk 0:04:47]} 33. g4 {[%clk 0:00:58]}  Ra5 {[%clk 0:04:46]} 34. h3 {[%clk 0:01:03]}  Rxb5 {[%clk 0:03:53]} 35. Rxa7 {[%clk 0:01:27]}  Rb2+ {[%clk 0:04:20]} 36. Kf3 {[%clk 0:01:33]}  Bh4 {[%clk 0:03:06]} 37. Rb7 {[%clk 0:00:59]}  b5 {[%clk 0:03:21]} 38. Ng3 {[%clk 0:00:49]}  b4 {[%clk 0:03:22]} 39. Ne4 {[%clk 0:00:54]}  b3 {[%clk 0:02:22]} 40. Ng3 {[%clk 0:00:47]}  Bxg3 {[%clk 0:01:44]} 41. Kxg3 {[%clk 0:01:05]}  Rb1 {[%clk 0:01:14]} 42. Kf3 {[%clk 0:00:47]}  Ke8 {[%clk 0:29:48]} 43. Ke4 {[%clk 0:27:30]}  Rb2 {[%clk 0:25:32]} 44. f4 {[%clk 0:25:27]}  Kf8 {[%clk 0:25:21]} 45. Kd3 {[%clk 0:23:08]}  Kg7 {[%clk 0:25:25]} 46. Kc3 {[%clk 0:22:18]}  Rh2 {[%clk 0:25:48]} 47. Rxb3 {[%clk 0:22:40]}  Rxh3 {[%clk 0:26:15]} 48. Kd4 {[%clk 0:23:03]}  Rg3 {[%clk 0:26:25]} 49. g5 {[%clk 0:21:18]}  hxg5 {[%clk 0:25:27]} 50. fxg5 {[%clk 0:21:44]}  Rxg5 {[%clk 0:25:51]} 51. Ke4 {[%clk 0:21:40]}  Rf5 {[%clk 0:26:13]} 52. Rb1 {[%clk 0:21:22]}  Rf2 {[%clk 0:26:24]} 53. Rb7 {[%clk 0:17:49]}  g5 {[%clk 0:23:57]} 54. Rb5 {[%clk 0:11:45]}  Kg6 {[%clk 0:23:49]} 55. Rb6+ {[%clk 0:10:59]}  Kh5 {[%clk 0:23:10]} 56. Kd3 {[%clk 0:08:47]}  f5 {[%clk 0:20:40]} 57. Re6 {[%clk 0:08:06]}  g4 {[%clk 0:19:45]} 58. e4 {[%clk 0:06:30]}  g3 {[%clk 0:19:59]} 59. exf5 {[%clk 0:06:01]}  Rxf5 {[%clk 0:20:20]} 60. Re2 {[%clk 0:03:31]}  Kg4 {[%clk 0:20:35]} 61. Kd2 {[%clk 0:03:25]}  Kh3 {[%clk 0:20:23]} 0-1

[Event "45th FIDE Chess Olympiad - Women's Section"]
[Site "Budapest, Hungary"]
[Date "2024.09.11"]
[Round "1"]
[White "Khotenashvili, Bella"]
[Black "Mariam, Essa"]
[Result "1-0"]
[Board "11"]
[WhiteFideId "13602640"]
[BlackFideId "9306480"]
[WhiteTitle "GM"]
[WhiteElo "2432"]
[BlackElo "1779"]
[WhiteTeam "Georgia"]
[BlackTeam "United Arab Emirates"]
[WhiteClock "0:02:17"]
[BlackClock "0:00:35"]
[Variant "Standard"]

1. Nf3 {[%clk 1:30:44]}  Nf6 {[%clk 1:17:26]} 2. g3 {[%clk 1:31:03]}  b5 {[%clk 1:17:34]} 3. Bg2 {[%clk 1:30:56]}  Bb7 {[%clk 1:17:57]} 4. Na3 {[%clk 1:31:03]}  a6 {[%clk 1:17:48]} 5. c4 {[%clk 1:31:21]}  e5 {[%clk 1:18:03]} 6. O-O {[%clk 1:29:00]}  Bxa3 {[%clk 1:14:58]} 7. bxa3 {[%clk 1:29:24]}  e4 {[%clk 0:59:34]} 8. Nd4 {[%clk 1:25:29]}  Nc6 {[%clk 0:57:53]} 9. Nf5 {[%clk 1:22:38]}  O-O {[%clk 0:54:56]} 10. Bb2 {[%clk 1:13:42]}  Re8 {[%clk 0:38:06]} 11. d3 {[%clk 1:11:35]}  Ne5 {[%clk 0:35:20]} 12. Qd2 {[%clk 1:06:35]}  e3 {[%clk 0:30:07]} 13. Nxe3 {[%clk 0:54:22]}  Bxg2 {[%clk 0:30:29]} 14. Kxg2 {[%clk 0:54:42]}  d5 {[%clk 0:28:48]} 15. cxd5 {[%clk 0:52:23]}  Nxd5 {[%clk 0:27:48]} 16. Nf5 {[%clk 0:47:48]}  Nb6 {[%clk 0:23:30]} 17. Rad1 {[%clk 0:40:20]}  f6 {[%clk 0:21:50]} 18. f4 {[%clk 0:33:41]}  Nf7 {[%clk 0:19:09]} 19. e4 {[%clk 0:33:36]}  c5 {[%clk 0:19:13]} 20. Qe2 {[%clk 0:30:16]}  Qd7 {[%clk 0:17:20]} 21. Rf2 {[%clk 0:23:31]}  Nd6 {[%clk 0:16:48]} 22. Ne3 {[%clk 0:20:46]}  Qe6 {[%clk 0:16:46]} 23. Qf3 {[%clk 0:11:39]}  Rad8 {[%clk 0:13:36]} 24. Bc3 {[%clk 0:09:38]}  b4 {[%clk 0:12:21]} 25. axb4 {[%clk 0:09:00]}  Nb5 {[%clk 0:12:45]} 26. Ba1 {[%clk 0:06:54]}  cxb4 {[%clk 0:13:04]} 27. Nf5 {[%clk 0:05:50]}  Nd5 {[%clk 0:12:04]} 28. Rc1 {[%clk 0:00:32]}  Ndc3 {[%clk 0:07:28]} 29. Bxc3 {[%clk 0:01:00]}  Nxc3 {[%clk 0:07:45]} 30. a3 {[%clk 0:01:20]}  a5 {[%clk 0:05:48]} 31. axb4 {[%clk 0:01:48]}  axb4 {[%clk 0:06:11]} 32. Rb2 {[%clk 0:01:39]}  g6 {[%clk 0:04:54]} 33. Nh6+ {[%clk 0:01:54]}  Kg7 {[%clk 0:05:19]} 34. Rxb4 {[%clk 0:01:18]}  Qa2+ {[%clk 0:04:09]} 35. Kh3 {[%clk 0:01:24]}  Qe2 {[%clk 0:03:28]} 36. Qg4 {[%clk 0:00:45]}  Qxg4+ {[%clk 0:00:35]} 37. Nxg4 {[%clk 0:01:13]}  Re7 {[%clk 0:00:31]} 38. Rxc3 {[%clk 0:01:36]}  h5 {[%clk 0:00:44]} 39. Ne3 {[%clk 0:02:01]}  f5 {[%clk 0:00:35]} 40. e5 {[%clk 0:02:17]} 1-0

[Event "45th FIDE Chess Olympiad - Women's Section"]
[Site "Budapest, Hungary"]
[Date "2024.09.11"]
[Round "1"]
[White "Castillo Beitia, Ashley Alexandra"]
[Black "Socko, Monika"]
[Result "0-1"]
[Board "13"]
[WhiteFideId "6606687"]
[BlackFideId "1106619"]
[WhiteTitle "WFM"]
[BlackTitle "GM"]
[WhiteElo "2071"]
[BlackElo "2422"]
[WhiteTeam "Panama"]
[BlackTeam "Poland"]
[WhiteClock "0:00:54"]
[BlackClock "0:17:59"]
[Variant "Standard"]

1. d4 {[%clk 1:30:58]}  Nf6 {[%clk 1:30:55]} 2. c4 {[%clk 1:31:17]}  e6 {[%clk 1:31:20]} 3. Nf3 {[%clk 1:31:32]}  b6 {[%clk 1:31:46]} 4. Nc3 {[%clk 1:31:29]}  Bb4 {[%clk 1:32:03]} 5. Bd2 {[%clk 1:31:50]}  Bb7 {[%clk 1:31:59]} 6. e3 {[%clk 1:32:11]}  O-O {[%clk 1:31:54]} 7. Be2 {[%clk 1:30:12]}  d5 {[%clk 1:31:28]} 8. cxd5 {[%clk 1:28:20]}  exd5 {[%clk 1:31:20]} 9. O-O {[%clk 1:27:26]}  Bd6 {[%clk 1:30:20]} 10. Nb5 {[%clk 1:20:46]}  Be7 {[%clk 1:30:09]} 11. Rc1 {[%clk 1:19:21]}  c5 {[%clk 1:29:57]} 12. dxc5 {[%clk 1:07:33]}  bxc5 {[%clk 1:28:44]} 13. b4 {[%clk 1:03:53]}  a6 {[%clk 1:27:30]} 14. Na3 {[%clk 1:02:54]}  cxb4 {[%clk 1:26:42]} 15. Nc2 {[%clk 1:02:39]}  Nc6 {[%clk 1:20:14]} 16. Ncd4 {[%clk 1:01:19]}  Nxd4 {[%clk 1:19:13]} 17. Nxd4 {[%clk 0:57:57]}  Ne4 {[%clk 1:18:04]} 18. Rb1 {[%clk 0:54:23]}  a5 {[%clk 1:16:13]} 19. a3 {[%clk 0:52:49]}  Nxd2 {[%clk 1:02:09]} 20. Qxd2 {[%clk 0:52:14]}  g6 {[%clk 1:02:16]} 21. Rfd1 {[%clk 0:49:11]}  Qd7 {[%clk 0:57:55]} 22. Qb2 {[%clk 0:43:47]}  Ba6 {[%clk 0:50:20]} 23. axb4 {[%clk 0:37:31]}  axb4 {[%clk 0:49:16]} 24. Ra1 {[%clk 0:24:10]}  Bxe2 {[%clk 0:48:59]} 25. Nxe2 {[%clk 0:24:16]}  Rxa1 {[%clk 0:45:22]} 26. Qxa1 {[%clk 0:24:19]}  Rd8 {[%clk 0:42:47]} 27. Nf4 {[%clk 0:20:30]}  Qc6 {[%clk 0:24:24]} 28. Qd4 {[%clk 0:16:40]}  Bf6 {[%clk 0:22:28]} 29. Nxd5 {[%clk 0:10:30]}  Kg7 {[%clk 0:22:48]} 30. Qd3 {[%clk 0:10:56]}  Qa4 {[%clk 0:22:38]} 31. e4 {[%clk 0:10:00]}  b3 {[%clk 0:20:00]} 32. Qf3 {[%clk 0:07:13]}  Be5 {[%clk 0:18:28]} 33. Rb1 {[%clk 0:07:01]}  b2 {[%clk 0:18:41]} 34. g3 {[%clk 0:00:54]}  Qc2 {[%clk 0:17:59]} 0-1

[Event "45th FIDE Chess Olympiad - Women's Section"]
[Site "Budapest, Hungary"]
[Date "2024.09.11"]
[Round "1"]
[White "Nel, Hayley"]
[Black "Lu, Miaoyi"]
[Result "0-1"]
[Board "20"]
[WhiteFideId "14338688"]
[BlackFideId "8618020"]
[BlackTitle "IM"]
[WhiteElo "1753"]
[BlackElo "2438"]
[WhiteTeam "South Africa"]
[BlackTeam "China"]
[WhiteClock "0:03:14"]
[BlackClock "0:25:42"]
[Variant "Standard"]

1. c4 {[%clk 1:30:57]}  Nf6 {[%clk 1:30:58]} 2. Nc3 {[%clk 1:31:09]}  g6 {[%clk 1:31:25]} 3. d4 {[%clk 1:31:26]}  Bg7 {[%clk 1:31:53]} 4. e4 {[%clk 1:31:43]}  d6 {[%clk 1:32:21]} 5. f3 {[%clk 1:31:52]}  O-O {[%clk 1:32:48]} 6. Be3 {[%clk 1:30:41]}  c5 {[%clk 1:33:15]} 7. dxc5 {[%clk 1:19:15]}  dxc5 {[%clk 1:33:42]} 8. Qxd8 {[%clk 1:19:08]}  Rxd8 {[%clk 1:34:10]} 9. Bxc5 {[%clk 1:15:08]}  Nc6 {[%clk 1:34:38]} 10. a3 {[%clk 1:06:27]}  Nd7 {[%clk 1:34:10]} 11. Be3 {[%clk 1:01:21]}  Bxc3+ {[%clk 1:34:35]} 12. bxc3 {[%clk 1:01:45]}  Nde5 {[%clk 1:34:23]} 13. f4 {[%clk 0:45:38]}  Nd3+ {[%clk 1:22:29]} 14. Bxd3 {[%clk 0:45:35]}  Rxd3 {[%clk 1:22:56]} 15. Bd2 {[%clk 0:45:39]}  Be6 {[%clk 1:13:33]} 16. Nf3 {[%clk 0:42:38]}  Bxc4 {[%clk 1:13:19]} 17. Rb1 {[%clk 0:41:21]}  Ba6 {[%clk 0:57:15]} 18. Kf2 {[%clk 0:34:29]}  Na5 {[%clk 0:51:24]} 19. a4 {[%clk 0:27:51]}  Nc4 {[%clk 0:50:44]} 20. Be1 {[%clk 0:27:10]}  Rad8 {[%clk 0:50:43]} 21. h4 {[%clk 0:24:04]}  b6 {[%clk 0:34:18]} 22. Rb4 {[%clk 0:20:46]}  Ne3 {[%clk 0:26:23]} 23. Rd4 {[%clk 0:09:42]}  R8xd4 {[%clk 0:26:45]} 24. cxd4 {[%clk 0:09:36]}  Ng4+ {[%clk 0:27:13]} 25. Kg3 {[%clk 0:08:59]}  Nf6 {[%clk 0:27:42]} 26. e5 {[%clk 0:07:38]}  Nh5+ {[%clk 0:28:10]} 27. Kf2 {[%clk 0:05:20]}  Nxf4 {[%clk 0:28:38]} 28. a5 {[%clk 0:04:46]}  Bb7 {[%clk 0:26:34]} 29. axb6 {[%clk 0:04:18]}  Nxg2 {[%clk 0:24:25]} 30. Kxg2 {[%clk 0:02:59]}  Bxf3+ {[%clk 0:24:48]} 31. Kh2 {[%clk 0:02:53]}  Bxh1 {[%clk 0:25:16]} 32. Kxh1 {[%clk 0:03:14]}  Rd1 {[%clk 0:25:42]} 0-1

[Event "45th FIDE Chess Olympiad - Women's Section"]
[Site "Budapest, Hungary"]
[Date "2024.09.11"]
[Round "1"]
[White "Samaganova, Aleksandra"]
[Black "Ushenina, Anna"]
[Result "1/2-1/2"]
[Board "21"]
[WhiteFideId "13800221"]
[BlackFideId "14110911"]
[WhiteTitle "WFM"]
[BlackTitle "GM"]
[WhiteElo "1948"]
[BlackElo "2417"]
[WhiteTeam "Kyrgyzstan"]
[BlackTeam "Ukraine"]
[WhiteClock "0:05:37"]
[BlackClock "0:06:01"]
[Variant "Standard"]

1. c4 {[%clk 1:30:56]}  c6 {[%clk 1:30:34]} 2. Nf3 {[%clk 1:30:42]}  d5 {[%clk 1:30:52]} 3. e3 {[%clk 1:30:53]}  Nf6 {[%clk 1:30:45]} 4. Nc3 {[%clk 1:30:25]}  e6 {[%clk 1:29:47]} 5. b3 {[%clk 1:27:33]}  Bd6 {[%clk 1:23:42]} 6. Bb2 {[%clk 1:25:10]}  O-O {[%clk 1:19:50]} 7. Be2 {[%clk 1:20:03]}  b6 {[%clk 1:09:35]} 8. O-O {[%clk 1:18:18]}  Bb7 {[%clk 1:09:25]} 9. d4 {[%clk 1:01:23]}  Nbd7 {[%clk 1:08:45]} 10. Rc1 {[%clk 1:00:17]}  Qe7 {[%clk 0:56:50]} 11. Qc2 {[%clk 0:53:20]}  h6 {[%clk 0:35:19]} 12. e4 {[%clk 0:40:57]}  Nxe4 {[%clk 0:34:51]} 13. Nxe4 {[%clk 0:41:21]}  dxe4 {[%clk 0:35:18]} 14. Qxe4 {[%clk 0:41:21]}  Nf6 {[%clk 0:34:49]} 15. Qh4 {[%clk 0:36:25]}  c5 {[%clk 0:27:06]} 16. Ne5 {[%clk 0:24:32]}  Rad8 {[%clk 0:19:29]} 17. Rcd1 {[%clk 0:19:21]}  cxd4 {[%clk 0:10:51]} 18. Bxd4 {[%clk 0:18:43]}  Qc7 {[%clk 0:10:45]} 19. Ng4 {[%clk 0:10:29]}  Nxg4 {[%clk 0:08:51]} 20. Bxg4 {[%clk 0:10:21]}  Rd7 {[%clk 0:05:15]} 21. Be2 {[%clk 0:04:44]}  Rfd8 {[%clk 0:03:50]} 22. Be3 {[%clk 0:04:40]}  f5 {[%clk 0:02:13]} 23. Qh5 {[%clk 0:02:42]}  Be4 {[%clk 0:01:33]} 24. f3 {[%clk 0:00:46]}  Bc6 {[%clk 0:00:41]} 25. Kh1 {[%clk 0:00:59]}  Kh7 {[%clk 0:00:49]} 26. Qh4 {[%clk 0:00:35]}  Be5 {[%clk 0:00:44]} 27. Bc1 {[%clk 0:00:31]}  Rxd1 {[%clk 0:00:48]} 28. Bxd1 {[%clk 0:00:36]}  Bf6 {[%clk 0:00:32]} 29. Qf2 {[%clk 0:00:44]}  e5 {[%clk 0:00:34]} 30. Bc2 {[%clk 0:00:55]}  g6 {[%clk 0:00:55]} 31. h3 {[%clk 0:00:51]}  Qe7 {[%clk 0:01:04]} 32. Qe2 {[%clk 0:00:44]}  Re8 {[%clk 0:00:38]} 33. Bb2 {[%clk 0:00:38]}  e4 {[%clk 0:00:38]} 34. Bxf6 {[%clk 0:00:42]}  Qxf6 {[%clk 0:01:04]} 35. fxe4 {[%clk 0:00:39]}  Qe5 {[%clk 0:00:43]} 36. Qd2 {[%clk 0:00:36]}  Bxe4 {[%clk 0:00:59]} 37. Rd1 {[%clk 0:00:32]}  Re7 {[%clk 0:00:36]} 38. Qf2 {[%clk 0:00:32]}  Qc3 {[%clk 0:00:32]} 39. Bxe4 {[%clk 0:00:33]}  fxe4 {[%clk 0:00:44]} 40. Qf8 {[%clk 0:00:33]}  Qe5 {[%clk 0:00:39]} 41. Rd5 {[%clk 0:25:54]}  Qg7 {[%clk 0:23:19]} 42. Qxg7+ {[%clk 0:21:27]}  Kxg7 {[%clk 0:23:48]} 43. Kg1 {[%clk 0:20:57]}  e3 {[%clk 0:24:07]} 44. Kf1 {[%clk 0:15:18]}  Rf7+ {[%clk 0:24:18]} 45. Ke2 {[%clk 0:13:01]}  Rf2+ {[%clk 0:24:43]} 46. Kxe3 {[%clk 0:13:24]}  Rxa2 {[%clk 0:25:06]} 47. Kf3 {[%clk 0:09:03]}  Rb2 {[%clk 0:16:41]} 48. Rd3 {[%clk 0:05:56]}  Kf6 {[%clk 0:16:29]} 49. h4 {[%clk 0:04:43]}  Ke5 {[%clk 0:15:01]} 50. Rd5+ {[%clk 0:04:31]}  Ke6 {[%clk 0:14:59]} 51. Rd3 {[%clk 0:04:26]}  Ke5 {[%clk 0:05:54]} 52. Rd5+ {[%clk 0:04:48]}  Ke6 {[%clk 0:06:05]} 53. Rd3 {[%clk 0:05:13]}  Ke5 {[%clk 0:06:01]} 54. Rd5+ {[%clk 0:05:37]} 1/2-1/2